| 000 | 00917nac a22002411u 4500 | ||
|---|---|---|---|
| 010 | _a 99018119 | ||
| 020 | _a0071341714 | ||
| 035 | _a(OCoLC)ocm40723734 | ||
| 082 | 0 | 0 |
_a697.3 _bVIZ |
| 090 |
_c5734 _d5734 |
||
| 100 | _aVizi, Roger. | ||
| 245 | 1 | 0 |
_aForced hot air furnaces : _btroubleshooting and repair / _cRoger Vizi. |
| 260 |
_aNew York : _bMcGraw-Hill,1999 _cc1999. |
||
| 300 |
_axi, 344 p. : _bill. ; _c24 cm. |
||
| 440 | 0 | _aMcGraw-Hill's complete construction series | |
| 500 | _aIncludes index. | ||
| 500 | _adistributer: Al-Ahram | ||
| 511 | _acatalogued by: wessam | ||
| 650 | 0 |
_aHot-air heating _xEquipment and supplies _xMaintenance and repair. |
|
| 856 | 4 | 2 |
_3Publisher description _uhttp://www.loc.gov/catdir/description/mh023/99018119.html |
| 856 | 4 | 2 |
_3Table of contents _uhttp://www.loc.gov/catdir/toc/mh023/99018119.html |
| 942 |
_cBB _k697.3VIZ |
||
| 999 |
_c5734 _d5734 |
||